Národní účetníctví a makroekonomické analýzy.
Systém národného účtovníctva (SNÚ) je základným podkladom pre makroekonomické analýzy, predikcie a medzinárodné porovnávanie vo viac ako 100 krajinách sveta a jedným z podkladov pre činnosť IMF, Svetovej banky, OECD. História, súčasnosť a budúcnosť SNÚ. Náplň SNÚ a jeho úloha z pohľadu makroekonomic...
Salvato in:
| Autore principale: | |
|---|---|
| Natura: | Capitolo di libro |
| Lingua: | ceco |
| Soggetti: | |
| Tags: |
Nessun Tag, puoi essere il primo ad aggiungerne!!
|
MARC
| LEADER | 00000naa a2200000 4500 | ||
|---|---|---|---|
| 001 | r011337 | ||
| 005 | 20220826094815.0 | ||
| 041 | 0 | |a cze | |
| 044 | |a [CS] | ||
| 245 | 1 | 0 | |a Národní účetníctví a makroekonomické analýzy. |c Marie Vavrejnová |
| 520 | |a Systém národného účtovníctva (SNÚ) je základným podkladom pre makroekonomické analýzy, predikcie a medzinárodné porovnávanie vo viac ako 100 krajinách sveta a jedným z podkladov pre činnosť IMF, Svetovej banky, OECD. História, súčasnosť a budúcnosť SNÚ. Náplň SNÚ a jeho úloha z pohľadu makroekonomických analýz. Prístupy k analýze aktuálnych makroekonomických súvislostí. | ||
| 610 | 2 | 0 | |a účty národné |
| 610 | 2 | 0 | |a analýza ekonomická |
| 610 | 2 | 0 | |a porovnanie štatistické medzinárodné |
| 610 | 2 | 0 | |a makroekonomika |
| 610 | 2 | 0 | |a ekológia |
| 100 | 1 | |a Vavrejnová, Marie | |